000 00356nam a2200145 i 4500
001 bg
100 1 _aWDOWIN, A.
245 0 _aLaboratorium z tworzyw sztucznych /
_cA. Wdowin, Z. Wójcikiewicz.
260 _aKielce,
_c1982.
700 1 _aWÓJCIKIEWICZ, Z.
040 _cBPK
041 _apol
942 _cKS
008 s pl f |000 0 pol
999 _c21070
_d21070
856 _uhttp://koha.tu.koszalin.pl/cgi-bin/koha/opac-detail.pl?biblionumber=21070
_yKatalog online BPK